000 06044nam a22002657a 4500
001 216218602
003 UA-OsUOA
005 20201121223337.0
008 200615b un ||||| m||| 00| 0 ukr d
040 _aUA-OsUOA
_bukr
_cUA-OsUOA
_dUA-OsUOA
041 _aukr
080 _a303.094.4:316.32:314.74
090 _a303.094.4:316.32:314.74
095 _a09.00.03
_bсоціальна філософія та філософія історії
100 _aГьокхан Д.
245 _aНаціональна ідентичність у контексті глобальних міграційних процесів : соціально-філософський аналіз
_cГьокхан Демір ; наук. керівник Козловець Микола Адамович
260 _aЖитомир
_c2018
300 _a20 с.
502 _6Автореферат дисертації на здобуття наукового ступеня кандидата філософських наук
_cЖитомирський державний університет імені Івана Франка
_d2018
520 _aУ дисертації здійснено соціально-філософський аналіз впливу глобальних міграційних процесів на формування національної ідентичності та досліджено ідентифікаційні практики мігрантів в умовах транснаціонального соціокультурного простору. Розкрито сутнісні характеристики і зміст понять "ідентичність", "національна ідентичність", узагальнено концептуальне бачення функціонального значення національної ідентичності та її нових конфігурацій у контексті глобальних міграційних процесів. Доведено, що глобальні міграційні процеси створюють принципово новий контекст формування національної ідентичності як населення країн, які приймають мігрантів, так й адаптації останніх. Внаслідок глобальних міграційних потоків на зміну жорстко детермінованим моделям національної ідентичності, характерним для попередніх історичних епох, приходить принцип варіативності, вибору, конструювання ідентичності, істотно змінюються структура та зміст національної тожсамості. Констатовано, що під впливом глобальної міграції у другій половині XX – початку XXI ст. в західних країнах відбувся поворот від політики, спрямованої на формування національно-державної ідентичності, до політики культурної ідентичності, пов’язаної з процесом мультикультуризації. На основі реконструкції змісту' феномену національної ідентичності та його включення у вимір структурного осмислення міграційних процесів досліджено специфіку сучасних мультикультурних суспільств та виявлено основні джерела формування ідентичностей мігрантів. Обґрунтовано, що глобальні міграційні процеси формують у мігрантів мультилокальну транснаціональність, а їхня ідентичність характеризується динамізмом, нестабільністю, суперечливою внутрішньою структурою, будується на вільному виборі життя в тій чи іншій спільноті (етнонаціональній, конфесійній). Охарактеризовано принципи побудови мігрантами своєї ідентичності в полікультурному суспільстві, форми вилучення Іншого й можливі способи їх інтеграції в соціум, вплив мусульманських емігрантських спільнот на західноєвропейські суспільства, а також інтеграційну й міграційну політику, що проводиться урядами країн-членів Євросоюзу щодо мігрантів і біженців. Значну увагу в дисертації приділено дослідженню впливів міграційних процесів на стан суспільних взаємин та ідентифікаційні практики громадян Туреччини, а також аналізу причин, які змусили турецьких громадян покинути батьківщину та характеристиці процесів адаптації й асиміляції турецьких мігрантів у західноєвропейських суспільствах.
650 _2UDC
_a303 Методи суспільних наук
942 _2udc
_cAR
955 _a1
999 _c459562
_d459562